Wrestlers by Picture 12: Women of the 90's - Statistics

General Stats
  • This quiz has been taken 52 times
  • The average score is 9 of 16
Answer Stats
Picture Answer % Correct
Chyna
98%
Sable
85%
Stephanie McMahon
80%
Madusa Miceli
78%
Jacqueline
72%
Bull Nakano
67%
Ivory
67%
Luna Vachon
67%
Daffney
52%
Debra
52%
Marlena
50%
Miss Elizabeth
46%
Tori
43%
Akira Hokuto
22%
Kimberly Page
20%
Manami Toyota
15%
No matching quizzes found
Score Distribution
Percent of People with Each Score
Percentile by Number Answered
Your Score History
You have not taken this quiz